|
|
|
|
| LEADER |
00000nam0a2200000 4500 |
| 001 |
30674 |
| 005 |
20231030204049.0 |
| 010 |
|
|
|a 5899390247
|
| 035 |
|
|
|a (RuTPU)RU\TPU\book\30947
|
| 035 |
|
|
|a BOOK00031024
|
| 090 |
|
|
|a 30674
|
| 100 |
|
|
|a 20011209d2001 m y0rusy50 ca
|
| 101 |
0 |
|
|a rus
|
| 102 |
|
|
|a RU
|
| 105 |
|
|
|a y j 001zy
|
| 200 |
1 |
|
|a Практикум по общей психологии
|e учебное пособие
|f А. Г. Смирнов
|
| 210 |
|
|
|a Москва
|c Изд-во Института Психотерапии
|d 2001
|
| 215 |
|
|
|a 224 с.
|
| 320 |
|
|
|a Библиогр.: с. 201.
|
| 610 |
1 |
|
|a психология
|
| 610 |
1 |
|
|a ощущения
|
| 610 |
1 |
|
|a восприятие
|
| 610 |
1 |
|
|a внимание
|
| 610 |
1 |
|
|a память
|
| 610 |
1 |
|
|a мышление
|
| 610 |
1 |
|
|a воображение
|
| 610 |
1 |
|
|a личность
|
| 610 |
1 |
|
|a эмоции
|
| 610 |
1 |
|
|a чувства
|
| 610 |
1 |
|
|a темперамент
|
| 610 |
1 |
|
|a характер
|
| 610 |
1 |
|
|a способности
|
| 610 |
1 |
|
|a межличностные отношения
|
| 610 |
1 |
|
|a семейные отношения
|
| 610 |
1 |
|
|a учебные пособия
|
| 610 |
1 |
|
|a практикум
|
| 686 |
|
|
|a Ю93я73
|v LBC/SL-A
|2 rubbk
|
| 700 |
|
1 |
|a Смирнов
|b А. Г.
|g Аркадий Григорьевич
|
| 801 |
|
0 |
|a RU
|b 63413507
|c 20011209
|g PSBO
|
| 801 |
|
2 |
|a RU
|b 63413507
|c 20080124
|g PSBO
|
| 900 |
|
|
|a Психологический практикум
|
| 942 |
|
|
|c BK
|